00623nam a2200217Ia 4500008004100000020001800041050001600059050001400075100002300089245003100112245006100143245005600204250001600260260001500276260002300291260000900314300001600323300002000339300001100359650003500370200601s9999 xx 000 0 und d a0-679-77038-0 aREF HF 5548 b.J33 1997 aJaderstrom, Susan. 0aComplete office handbook : 4bthe definitive reference for today's electronic office / 0cSusan Jaderstrom, Loernard Kruk, and Joanne Miller. a2nd Edition aNew York : bRandom House, Inc. c2001 a564 pages : billustrations ; c24 cm. aOffice practice -- Automation.